Matematické a fyzikální modelování v hydrotechnice (1) : Výzkum na hydraulických modelech a ve skutečnosti
Salvato in:
| Autori principali: | , |
|---|---|
| Natura: | Libro |
| Pubblicazione: |
Praha :
Academia,
1987
|
| Tags: |
Nessun Tag, puoi essere il primo ad aggiungerne!!
|
MARC
| LEADER | 00000nam a22000003a 4500 | ||
|---|---|---|---|
| 001 | stu16521 | ||
| 005 | 20150617225758.1 | ||
| 008 | ------s1987----cs----------------------d | ||
| 040 | |a STU |b slo | ||
| 041 | 0 | ||
| 044 | |a cs | ||
| 080 | |a 519.711.2 | ||
| 100 | 1 | |a Čabelka, Jaroslav |4 aut | |
| 245 | 1 | |a Matematické a fyzikální modelování v hydrotechnice (1) : |b Výzkum na hydraulických modelech a ve skutečnosti | |
| 260 | |a Praha : |b Academia, |c 1987 | ||
| 300 | |a 303 : |b Obr.,grafy,lit.,index | ||
| 700 | 1 | |a Gabriel, Pavel |4 aut | |
| 996 | |c V*33912/O-13936 |l VV17 |s P |a 0 |w stu16521_0001 | ||
| 996 | |c V*33914/O-13936b |l VV17 |s P |a 0 |w stu16521_0003 | ||
| 996 | |b 284V028043 |c V*33916/O-13936d |l VVT |s A |a 24 |w stu16521_0004 | ||
| 996 | |b 284V025740 |c V*33917/O-13936e |l VVS |s A |a 24 |w stu16521_0005 | ||
| 996 | |b C86664 |c C*86664 |l CCXVIII |s P |a 0 |w stu16521_0006 | ||